Las fórmulas de la política : (Registro nro. 13246)

Detalles MARC
000 -LIDER
fixed length control field 01009nam a2200289 4500
003 - IDENTIFICACDOR DE NÚMERO DE CONTROL
control field DO-SdBNP
005 - DATE AND TIME OF LATEST TRANSACTION
control field 20220920125752.0
008 - ELEMENTOS DE LONGITUD FIJA
fixed length control field 180126b2005 mx 00| 0 spa d
020 ## - ISBN
International Standard Book Number 9681913655
040 ## - FUENTE DE CATALOGACIÓN
Agencia que crea de manera original el registro BPMSU
Idioma de catalogación spa
Agencia que realiza la transcripción BPMSU
082 #4 - NÚMERO DE CLASIFICACIÓN DECIMAL DE DEWEY
Classification number 320.01
Item number S549f 2005
Edition number 22
092 ## - LOCALLY ASSIGNED DEWEY DECIMAL CALL NUMBER
Número de edición
100 1# - ASIENTO PRINCIPAL -- NOMBRE PERSONAL
Nombre personal Shepsle, Kenneth A.
245 ## - MENCIÓN DE TITULO
Título Las fórmulas de la política :
Subtítulo instituciones, racionalidad y comportamiento /
Mención de responsabilidad Kenneth A. Shepsle y Mark S. Bonchek ; traducción de Mario Zamudio
260 ## - PUBLICACIÓN, DISTRIBUCIÓN, ETC. (PIE DE IMPRENTA)
Lugar de publicación, distribución, etc México, D.F. :
Nombre del editor, distribuidor, etc. Taurus,
Fecha de publicación, distribución, etc 2005
300 ## - DESCRIPCIÓN FÍSICA
Extensión 469 p. ;
Dimensiones 24 cm.
500 ## - NOTA GENERAL
Materiales especificados Incluye referencias bibliográficas y notas al pie de las páginas
534 ## - NOTA SOBRE LA VERSIÓN ORIGINAL
Asiento principal del original Título original :
Mención del título original Analyzing politics
590 ## - NOTA LOCAL
Enlace Inventariado, 2022/VM
650 ## - ENCABEZAMIENTO DE MATERIA--TEMÁTICO
Término temático o nombre geográfico como elemento de entrada Ciencia política
Subdivisión temática general Metodología
650 #4 - ENCABEZAMIENTO DE MATERIA--TEMÁTICO
Término temático o nombre geográfico como elemento de entrada Filosofía política.
700 1# - ASIENTO SECUNDARIO -- NOMBRE PERSONAL
Nombre personal Bonchek, Mark S.,
910 ## - VALIDACIÓN
Validación VMateob V. / Validado
942 ## - ADDED ENTRY ELEMENTS (KOHA)
Source of classification or shelving scheme Dewey Decimal Classification
Koha item type Libros
945 ## - INFORMACIÓN DE PROCESAMIENTO LOCAL
Información de procesamiento local Inventariado extranjero / 2018 VM
956 ## - LOCAL ELECTRONIC LOCATION AND ACCESS (OCLC)
Nombre de host VMATEO
Número de acceso 10
Información de compresión 20180126
Trayectoria BPMSU
Nombre Electrónico 0069
Existencias
Withdrawn status Lost status Source of classification or shelving scheme Damaged status Not for loan Collection code Home library Current library Date acquired Source of acquisition Full call number Barcode Date last seen Price effective from Koha item type Copy number
    Dewey Decimal Classification     Colección General Biblioteca Pública Metropolitana Salomé Ureña Biblioteca Pública Metropolitana Salomé Ureña 01/26/2018 Alfaguara BPMSU CG 320.01 S549f 2005 BPMSU18010058 01/26/2018 01/26/2018 Libros  
    Dewey Decimal Classification     Colección General Biblioteca Pública Metropolitana Salomé Ureña Biblioteca Pública Metropolitana Salomé Ureña 01/26/2018 Alfaguara BPMSU CG 320.01 S549f 2005 BPMSU18010059 01/26/2018 01/26/2018 Libros e. 2
    Dewey Decimal Classification     Colección General Biblioteca Pública Metropolitana Salomé Ureña Biblioteca Pública Metropolitana Salomé Ureña 01/26/2018 Alfaguara BPMSU CG 320.01 S549f 2005 BPMSU22090030 09/20/2022 01/26/2018 Libros e.3